000 00676nam a22001937a 4500
999 _c165463
_d165463
005 20190618163342.0
010 _aUR-10218
020 _c500.00
_a9789388105507
035 _aU-8773
037 _bDBAD/PUB
082 _a921
100 _aعبد المجيد حا جی پو ر ی
245 _aمتا ع بنگلہ
_cعبد المجيد حا جی پو ر ی
246 _bMata-e-Bangala (Urdu)
_aby Abdul Majid Haji Puri
260 _a Delhi
_bEducational Publishing House
_c2018 ء
270 _a3191،Vakil Street,Kucha Pandit,Lal Kuan,
_bDelhi
_e110006
_k23216162
_l00911123211540
300 _a456ص
_c22 Cm(Hb)
942 _2ddc
_cUR
_h921
_mع ب د